Corazón de tinta (Registro nro. 13650)
[ vista simple ]
| 000 -Cabecera | |
|---|---|
| Campo de control de longitud fija | 00562nam a22002417a 4500 |
| 005 - Fecha y hora de la última transacción | |
| Campo de control | 20241106142725.0 |
| 008 - Elementos de longitud fija--Información general | |
| Campo de control de longitud fija | 240216b |||||||| |||| 00| 0 spa d |
| 020 ## - International Standard Book Number | |
| Número Internacional Estándar del Libro (ISBN) | 9788415723004 |
| 041 ## - Idioma | |
| Código de idioma | Español |
| 082 ## - Clasificación Decimal Dewey | |
| Número de clasificación | 833 F982c6 |
| 100 ## - Entrada principal--Autor personal | |
| Nombre personal | Funke, Cornelia |
| 9 (RLIN) | 33981 |
| 245 ## - Título propiamente dicho | |
| Título | Corazón de tinta |
| 250 ## - Edición | |
| Mención de edición | 6 edición |
| 260 ## - Pie de imprenta | |
| Lugar de publicación, distribución, etc. | España |
| 260 ## - Pie de imprenta | |
| Nombre del editor, distribuidor, etc. | Siruela |
| 260 ## - Pie de imprenta | |
| Fecha de publicación, distribución, etc. | 2022 |
| 300 ## - Descripción física | |
| Extensión | 502 páginas |
| 650 ## - Materia general | |
| Temática (materia general) | LITERATURA ALEMANA |
| 650 ## - Materia general | |
| Temática (materia general) | NOVELA ALEMANA |
| 650 ## - Materia general | |
| Temática (materia general) | LITERATURA JUVENIL |
| 650 ## - Materia general | |
| Temática (materia general) | MISTERIO |
| 942 ## - Punto de acceso adicional KOHA | |
| Fuente del sistema de clasificación o colocación | Dewey Decimal Classification |
| Tipo de ítem KOHA | Libro |
| Signatura completa | Código de barras | Tipo de ítem |
|---|---|---|
| 833 F982c6 | 25816 | Libro |